| 000 | 00688nam a2200289Ia 4500 | ||
|---|---|---|---|
| 005 | 20260324113354.0 | ||
| 008 | 008 260324s9999 xx 000 0 eng d | ||
| 020 | _a9781032710914 | ||
| 037 | _aEBOOK | ||
| 040 | _aCRL | ||
| 040 | _beng | ||
| 040 | _cCRL | ||
| 041 | _2eng | ||
| 041 | _aeng | ||
| 084 | _qCRL | ||
| 100 |
_aMartin Laryš _91146510 |
||
| 245 | 0 | _aRebel Militias in Eastern Ukraine | |
| 245 | 0 | _bFrom Leaderless Groups to Proxy Army | |
| 260 | _bTaylor and Francis | ||
| 260 | _c2024 | ||
| 365 | _a | ||
| 365 | _b240 | ||
| 856 | _uhttp://www.taylorfrancis.com/books/9781032710914 | ||
| 942 | _cEBOOK | ||
| 999 |
_c1736119 _d1736119 |
||